000 00266 a2200133 4500
001 126872
040 _cEscola Canadense de Niteroi
090 _aMP
245 1 0 _aMapa polĂ­tico do Brasil
362 0 _a2011
650 4 _aMapa
650 4 _aBrasil
942 _cMATP
999 _c126872
_d126872